Φορτώνει......

Kanchan barsate nark/

Λεπτομέρειες βιβλιογραφικής εγγραφής
Κύριος συγγραφέας: Rajjan Trivedi
Μορφή: Printed Book
Έκδοση: Kanpur: Vikas, 1998.
Θέματα:
LEADER 00679nam a22001811a 4500
082 |a H3  |b RAJ/K 
100 |a Rajjan Trivedi  |9 158120 
245 |a Kanchan barsate nark/  |c by Rajjan Trivedi. 
260 |a Kanpur:  |b Vikas,  |c 1998. 
300 |a 392p. 
650 |a Novel Hindi  |9 158121 
650 |a Literature Hindi  |9 158122 
650 |a Literature  |9 158123 
942 |c BK 
942 |c BK 
999 |c 22752  |d 22752 
952 |0 0  |1 0  |4 0  |6 H_3_000000000000000_RAJ_K  |7 0  |9 32097  |a SSUS  |b SSUS  |d 2015-01-08  |g 300.00  |o H3 RAJ/K  |p 011107  |r 2015-01-08  |v 0.00  |w 2015-01-08  |y BK 
952 |0 0  |1 0  |4 0  |6 H_3_000000000000000_RAJ_K  |7 0  |9 32098  |a SSUS  |b SSUS  |d 2015-01-08  |g 300.00  |o H3 RAJ/K  |p 039083  |r 2015-01-08  |v 0.00  |w 2015-01-08  |y BK